00736nam a2200205 a 450000100100000000500170001000800410002702000150006804000250008308200150010810000190012324501120014226000680025430000360032249000140035850000730037250400340044570000350047983000160051400004387820201002045025.0140508s1984 sp ac 000 0 spa d a8400056914 aDO-SdBNPbspacBNPHU axxxxbxxxx1 aBaranda, Julia10aGeorges Rouy (1851-1924), su obra botánica en España /cJulia Baranda ; prólogo Santiago Castroviejo. aMadrid :bReal Jardín Botánico, C.S.I.C.,bRaíces,c1984. a196 p. :bil., retrs. ;c24 cm.1 aRuiziav1 aIncluye referencias bibliográficas y notas al pie de las páginas aBibliografía : p. [193]-31812aCastroviejo, Santiagoepról. 0aRuizia ;n1